000 00397nam a2200169Ia 4500
008 210210b1948 xxu||||| |||| 00| 0 eng d
041 _aeng
082 _a930/13
100 _aBURN (A R)
245 _aPericles and Athens
260 _aLondon
_bHodder and Stoughton Limited
_c1948
650 _aPericles
650 _aAthens
650 _aand
690 _aAncient History
906 _a024924
999 _c150555
_d150555